000 nam a22 a 4500
999 _c3733
_d3733
005 20170523161525.0
008 170523b1984 nyu||||| |||| 00| 0 eng d
020 _a0689310366
040 _aAKMAL
082 _a730.924 BOB
090 _a730.924
_bBOB
245 _aBreaking Tradition
_bThe Story of Louise Nevelson /
_cby Natalie S. Bober
260 _aCanada
_bMcClelland & Stewart
_c1984
300 _a166 p.
_ccm
942 _2ddc
_cBOOK